Vínne cesty a ich perspektívy
Náčrt histórie výroby vína od najstarších dôb po dnešok. Vinohradnícke oblasti na Slovensku. Regionálne združenia na rozvoj cestovného ruchu. Vínne cesty ako produkt cestovného ruchu. Granty Európskej únie na podporu rozvoja agroturistiky zo štrukturálnych fondov.
Uložené v:
| Hlavný autor: | |
|---|---|
| Médium: | Kapitola |
| Jazyk: | Slovak |
| Predmet: | |
| Tagy: |
Žiadne tagy, Buďte prvý, kto otaguje tento záznam!
|
MARC
| LEADER | 00000naa$a2200000$$$4500 | ||
|---|---|---|---|
| 001 | 0021640 | ||
| 005 | 20231016071605.4 | ||
| 041 | 0 | |a slo | |
| 044 | |a SK | ||
| 245 | 1 | 0 | |a Vínne cesty a ich perspektívy |c Marica Mazureková |
| 520 | |a Náčrt histórie výroby vína od najstarších dôb po dnešok. Vinohradnícke oblasti na Slovensku. Regionálne združenia na rozvoj cestovného ruchu. Vínne cesty ako produkt cestovného ruchu. Granty Európskej únie na podporu rozvoja agroturistiky zo štrukturálnych fondov. | ||
| 610 | 2 | 0 | |a ruch cestovný vidiecky |
| 610 | 2 | 0 | |a agroturistika |
| 610 | 2 | 0 | |a história |
| 610 | 2 | 0 | |a vinohradníctvo |
| 610 | 2 | 0 | |a Slovensko |
| 610 | 2 | 0 | |a Európska únia |
| 100 | 1 | |a Mazureková, Marica | |